Microbiology / (Record no. 35877)
[ view plain ]
| 000 -LEADER | |
|---|---|
| fixed length control field | 00551nam a22001937a 4500 |
| 005 - DATE AND TIME OF LATEST TRANSACTION | |
| control field | 20240610111551.0 |
| 008 - FIXED-LENGTH DATA ELEMENTS--GENERAL INFORMATION | |
| fixed length control field | 240610b |||||||| |||| 00| 0 eng d |
| 020 ## - INTERNATIONAL STANDARD BOOK NUMBER | |
| ISBN | 9780074623206 |
| 082 ## - DEWEY DECIMAL CLASSIFICATION NUMBER | |
| Classification number | 579 |
| Item number | PEL-M |
| 100 ## - MAIN ENTRY--AUTHOR | |
| Author Name | Pelczar,Michael J, |
| 245 ## - TITLE STATEMENT | |
| Title | Microbiology / |
| Statement of responsibility, etc. | Michael J Pelczar, E.C.S.Chan, Noel R. Krieg |
| 260 ## - PUBLICATION, DISTRIBUTION, ETC. | |
| Place of Publication | India ; |
| Name of publisher, distributor, etc. | McGrawHill ; |
| Date of publication, distribution, etc. | 2007 . |
| 300 ## - PHYSICAL DESCRIPTION | |
| Pages | viii;918p. |
| 500 ## - GENERAL NOTE | |
| General note | include index . |
| 650 ## - SUBJECT ADDED ENTRY--TOPICAL TERM | |
| Subject / Department | Medical / Microbiology |
| 700 ## - ADDED ENTRY--PERSONAL NAME | |
| Personal name | E.C.S.Chan |
| 700 ## - ADDED ENTRY--PERSONAL NAME | |
| Personal name | Noel R. Krieg |
| 300 ## - PHYSICAL DESCRIPTION | |
| -- | ill; |
| -- | 24 cm. |
| 952 ## - LOCATION AND ITEM INFORMATION (KOHA) | |
| -- | 0 |
| -- | 0 |
| 952 ## - LOCATION AND ITEM INFORMATION (KOHA) | |
| -- | 0 |
| -- | 0 |
| 952 ## - LOCATION AND ITEM INFORMATION (KOHA) | |
| -- | 0 |
| -- | 0 |
| 952 ## - LOCATION AND ITEM INFORMATION (KOHA) | |
| -- | 0 |
| -- | 0 |
| Lost status | Damaged status | Collection code | Permanent Location | Current Location | Shelving Location | Date acquired | Full Call Number | Accession No./Barcode | Date last seen | Copy number | item type | Koha item type |
|---|---|---|---|---|---|---|---|---|---|---|---|---|
| Medical | Superior Information Resource Center (SIRC) Superior University- Main Campus | Superior Information Resource Center (SIRC) Superior University- Main Campus | Microbiology | 06/10/2024 | 579 PEL-M 2007 | 11384 | 06/10/2024 | 1 | BOOK | BOOK | ||
| Medical | Superior Information Resource Center (SIRC) Superior University- Main Campus | Superior Information Resource Center (SIRC) Superior University- Main Campus | Microbiology | 06/10/2024 | 579 PEL-M 2007 | 11385 | 06/10/2024 | 2 | BOOK | BOOK | ||
| Medical | Superior Information Resource Center (SIRC) Superior University- Main Campus | Superior Information Resource Center (SIRC) Superior University- Main Campus | Microbiology | 06/10/2024 | 579 PEL-M 2007 | 11388 | 06/10/2024 | 3 | BOOK | BOOK | ||
| Medical | Superior Information Resource Center (SIRC) Superior University- Main Campus | Superior Information Resource Center (SIRC) Superior University- Main Campus | Microbiology | 06/10/2024 | 579 PEL-M 2007 | 11389 | 06/10/2024 | 4 | BOOK | BOOK |
